000 00294nam a2200109Ia 4500
005 20251222153643.0
008 251222s9999||||xx |||||||||||||| ||spa||
082 _a600/B13H/C1-2
100 _a"Fosca, CarlosIsmodes, Eduardo"
245 0 _aTecnologĂ­a 1 y 2: cuaderno de actividades
942 _cLIB
999 _c32823
_d32823